Southville International School and Colleges
Your cart is empty.
  • Cart
  • Lists
    Public lists Eva Luna New books Lux_list list_1
    Your lists Log in to create your own lists
  • Log in to your account
  • Your cookies
  • Search history
Southville International School and Colleges
  • Advanced search
  • Recent comments
  • Most popular
  • Libraries

Log in to your account

Log in with GOOGLE


If you do not have an external account, but do have a local account, you can still log in:

  1. Home
  2. MARC view: Teaching anger management and problem-solving skills /
Normal view MARC view ISBD view

Teaching anger management and problem-solving skills / (Record no. 275894)

[ view plain ]
MARC details
000 -LEADER
fixed length control field 00569nam a2200193 a 4500
001 - CONTROL NUMBER
control field HSB005878 CDL005013
003 - CONTROL NUMBER IDENTIFIER
control field PILC
005 - DATE AND TIME OF LATEST TRANSACTION
control field 20160222075922.0
008 - FIXED-LENGTH DATA ELEMENTS--GENERAL INFORMATION
fixed length control field
020 ## - INTERNATIONAL STANDARD BOOK NUMBER
International Standard Book Number 9781412919357
020 ## - INTERNATIONAL STANDARD BOOK NUMBER
International Standard Book Number 1412919355
050 ## - LIBRARY OF CONGRESS CALL NUMBER
Classification number BF 723.A4
Item number .M349 2006
100 ## - MAIN ENTRY--PERSONAL NAME
Personal name Marris, Brian.
245 #0 - TITLE STATEMENT
Title Teaching anger management and problem-solving skills /
Statement of responsibility, etc Brian Marris and Tina Rae.
260 ## - PUBLICATION, DISTRIBUTION, ETC. (IMPRINT)
Place of publication, distribution, etc London :
Name of publisher, distributor, etc Paul Chapman,
Date of publication, distribution, etc 2006.
300 ## - PHYSICAL DESCRIPTION
Extent vi, 77 pages :
Other physical details illustrations ;
Dimensions 24 cm.
650 ## - SUBJECT ADDED ENTRY--TOPICAL TERM
Topical term or geographic name as entry element Anger.
942 ## - ADDED ENTRY ELEMENTS (KOHA)
Source of classification or shelving scheme Library of Congress Classification
Koha item type Books
Call number prefix Foreign
Holdings
Withdrawn status Lost status Source of classification or shelving scheme Damaged status Home library Current library Shelving location Date acquired Source of acquisition Cost, normal purchase price Total Checkouts Full call number Barcode Date last seen Date checked out Price effective from Koha item type
    Library of Congress Classification   College Library College Library General Circulation Section 09/26/2014 Library Fund 2560.00 1 BF 723.A4 .M349 2006 C18680 05/15/2018 11/03/2014 09/26/2014 Books

Teaching anger management and problem-solving skills /

APA

Marris B., . (2006). Teaching anger management and problem-solving skills. London: Paul Chapman.

Chicago

Marris Brian, . 2006. Teaching anger management and problem-solving skills. London: Paul Chapman.

Harvard

Marris B., . (2006). Teaching anger management and problem-solving skills. London: Paul Chapman.

MLA

Marris Brian, . Teaching anger management and problem-solving skills. London: Paul Chapman. 2006.

  • Place hold
  • Print
  • Cite
  • Add to your cart (remove)
  • Save record
    BIBTEX Dublin Core MARCXML MARC (non-Unicode/MARC-8) MARC (Unicode/UTF-8) MARC (Unicode/UTF-8, Standard) MODS (XML) RIS
  • More searches
    Search for this title in:
    Other Libraries (WorldCat) Other Databases (Google Scholar) Online Stores (Bookfinder.com) Open Library (openlibrary.org)

Exporting to Dublin Core...

SOUTHVILLE LIBRARY

Southville International School and Colleges Library

1281 Tropical Ave. Cor. Luxembourg St., BF Homes International, Las Pinas City

Tel. No. 8256374 / 252358 Loc. 117/146

Powered by Koha